| 000 | 00795nam a22002177a 4500 | ||
|---|---|---|---|
| 003 | OSt | ||
| 005 | 20250818111816.0 | ||
| 008 | 250808s2014 ag ||||| |||| 00| 0 spa d | ||
| 020 | _a978-987-1881-52-9 | ||
| 040 | _cbesoc | ||
| 080 | _0061(82)"19/20" | ||
| 245 | 0 | 0 |
_aFormando el espacio público : _basociacionismo y política : siglos XIX Y XX / _cMaría Celia Bravo y Sandra Fernández, coordinadoras. |
| 250 | _a1a ed. | ||
| 260 |
_aSan Miguel de Tucumán : _bEditorial de la Universidad Nacional del Tucumán (EDUNT), _c2014. |
||
| 300 |
_a270 P. ; _c20 cm. |
||
| 650 | 4 |
_aAsociaciones _xHistoria _ySiglo XIX-XX _zArgentina |
|
| 650 | 4 |
_aBeneficencia _xHistoria _ySiglo XIX-XX _zArgentina |
|
| 700 |
_a Bravo, María Celia _ecoord. |
||
| 700 |
_aFernández, Sandra _ecoord. |
||
| 942 |
_2udc _cLPD _n0 |
||
| 999 |
_c537 _d537 |
||